000 00788nam a22002657a 4500
999 _c134873
_d134873
003 dpl
005 20190104144502.0
008 190104b ||||| |||| 00| 0 eng d
010 _aA-878428
020 _c00.00
035 _aA-878428
037 _bCen Lib/Ret
040 _aDPL
_bEN
_cdpl
082 _a376
_bWOM
245 _aWomen and literacy /
_cedited by Alka Raghuvanshi; illustrated by Phal S. Girota [and] Kamal Sahi
260 _aNew Delhi
_bNational Literary Mission
270 _bNew Delhi
300 _a130p.:
_c27cm(Hb)
_bill.
650 _aEducation
_91169
650 _aWomen literacy
_942039
700 _aRaghuvanshi, Alka
_941919
700 _aGirota, Phal S.
_942035
700 _aSahi, Kamal
_942036
942 _2ddc
_cEN
_h376
_mWOM